000 00539nam a22001697a 4500
001 45645
003 BD-DhUET
008 250802b xxu||||| |||| 00| 0 eng d
040 _c0
_dBD-DhUET
100 _aMunna, Mahfuzur Rahman
245 _aDesign and performance analysis of edge-passivated bismuthene nanoribbon topological field effect transistor
260 _aDhaka
_bDepartment of Electrical and Electronic Engineering, BUET
_c2025
300 _axii, 58 p.
501 _aOne CD-ROM
504 _aIncludes bibliographies
942 _cTH
999 _c45645
_d45645